The new century dictionary of the English-language: (Record no. 2092)

000 -LEADER
fixed length control field 01257nam a2200241 a 4500
001 - CONTROL NUMBER
control field :::00019098$&:&@@
003 - CONTROL NUMBER IDENTIFIER
control field OkBaRHE
005 - DATE AND TIME OF LATEST TRANSACTION
control field 20100327145435.0
008 - FIXED-LENGTH DATA ELEMENTS--GENERAL INFORMATION
fixed length control field s1927 j 000 0 eng u
040 ## - CATALOGING SOURCE
Transcribing agency
100 1# - MAIN ENTRY--PERSONAL NAME
Personal name Emery, H. G.
245 14 - TITLE STATEMENT
Title The new century dictionary of the English-language:
Remainder of title based on matter selected from the original century dictionary and entirely rewritten.
Statement of responsibility, etc Edited by H. G. Emery and K. G. Brewster; revision editor, Catherine B. Avery. With supplements of synonyms and antonyms, foreign words and phrases, biographical names, geographical names, etc.
260 ## - PUBLICATION, DISTRIBUTION, ETC. (IMPRINT)
Place of publication, distribution, etc New York, NY., :
Name of publisher, distributor, etc P. F. Collier & Son Corporation
Date of publication, distribution, etc 1927
300 ## - PHYSICAL DESCRIPTION
Extent v. (1-3) : illus. (part col.) ;
Dimensions 28 cm.
650 ## - SUBJECT ADDED ENTRY--TOPICAL TERM
Topical term or geographic name as entry element English Language
General subdivision Dictionaries
700 ## - ADDED ENTRY--PERSONAL NAME
Personal name Brewster, Katherine G., Ed.
700 ## - ADDED ENTRY--PERSONAL NAME
Personal name Emery, Hulbert G., Ed.
730 ## - ADDED ENTRY--UNIFORM TITLE
Uniform title Century dictionary (Abridged ed.)
942 ## - ADDED ENTRY ELEMENTS (KOHA)
Source of classification or shelving scheme
Koha item type Books
Copies
Collection code Damaged status Copy number Koha item type Shelving location Price effective from Date acquired Not for loan Lost status Full call number Barcode Permanent Location Source of classification or shelving scheme Date last seen Withdrawn status
Reference 1BooksGeneral Stacks2010-04-142010-04-14  PE 1625 .CA V.119098RHEMA Bible Training College 2010-04-14 
Reference 2BooksGeneral Stacks2010-04-142010-04-14  PE 1625 .CA V.219099RHEMA Bible Training College 2010-04-14 
Reference 3BooksGeneral Stacks2010-04-142010-04-14  PE 1625 .CA V.319100RHEMA Bible Training College 2010-04-14